Nezamestnaní. Dlhodobo
Vývoj a počet nezamestnaných na Slovensku. Tri skupiny nezamestnaných. 1. Ľudia, ktorí sú bez práce krátkodobo a ich šanca rýchlo sa zamestnať je vysoká. 2. Ľudia, ktorí sú bez práce vyše roka (dlhodobo nezamestnaní), ktorí si hľadajú prácu ťažko a treba do nich investovať čas aj peniaze. 3. Ľudia,...
Guardado en:
| Autor principal: | |
|---|---|
| Formato: | Capítulo de libro |
| Lenguaje: | eslovaco |
| Materias: | |
| Etiquetas: |
Sin Etiquetas, Sea el primero en etiquetar este registro!
|
MARC
| LEADER | 00000naa$a2200000$$$4500 | ||
|---|---|---|---|
| 001 | 0031569 | ||
| 005 | 20231009081602.0 | ||
| 041 | 0 | |a slo | |
| 044 | |a SK | ||
| 245 | 1 | 0 | |a Nezamestnaní. Dlhodobo |c Zuzana Horníková |
| 520 | |a Vývoj a počet nezamestnaných na Slovensku. Tri skupiny nezamestnaných. 1. Ľudia, ktorí sú bez práce krátkodobo a ich šanca rýchlo sa zamestnať je vysoká. 2. Ľudia, ktorí sú bez práce vyše roka (dlhodobo nezamestnaní), ktorí si hľadajú prácu ťažko a treba do nich investovať čas aj peniaze. 3. Ľudia, ktorí sú v podstate nezamestnateľní, bez vzdelania, skúseností a bez dôvery v seba, zamestnávateľa a prácu ako takú. | ||
| 610 | 2 | 0 | |a nezamestnanosť |
| 610 | 2 | 0 | |a nezamestnanosť dlhodobá |
| 610 | 2 | 0 | |a nezamestnaní |
| 610 | 2 | 0 | |a rekvalifikácia |
| 610 | 2 | 0 | |a Slovensko |
| 100 | 1 | |a Horníková, Zuzana | |